[Event "12th Capablanca Memorial"]
[Site "Cienfuegos CUB"]
[Date "1975.03.23"]
[Round "15"]
[White "Andersson, Ulf"]
[Black "Vasiukov, Evgeny"]
[Result "1/2-1/2"]
[WhiteElo "2565"]
[BlackElo "2560"]
[EventDate "1975.03.05"]
[WhiteFideId "-1"]
[BlackFideId "-1"]
[PlyCount "82"]
[Beauty "6049461441040"]
[GameId "272191862957"]
[EventType "tourn"]
[EventRounds "17"]
[EventCountry "CUB"]
[EventCategory "8"]
[SourceTitle "EXT 1998"]
[Source "ChessBase"]
[SourceDate "1997.11.17"]
[SourceVersion "1"]
[SourceVersionDate "1997.11.17"]
[SourceQuality "1"]

1.Nf3 g6 2.g3 Bg7 3.Bg2 e5 4.O-O Nc6 5.d3 d6 6.e4 Nge7 7.c3 O-O 8.Nbd2 h6 
9.b4 a6 10.Bb2 f5 11.exf5 gxf5 12.a4 Ng6 13.b5 Nce7 14.Qb3+ Kh7 15.c4 Be6 
16.Rfe1 Bg8 17.Qc2 Qd7 18.h4 c5 19.bxc6 Nxc6 20.h5 Nge7 21.d4 e4 22.Nxe4 
fxe4 23.Rxe4 Kh8 24.d5 Ne5 25.Nxe5 dxe5 26.Bxe5 Nf5 27.Rae1 Bh7 28.Qb2 
Bxe5 29.Rxe5 Qg7 30.c5 Rac8 31.Qc3 b6 32.c6 Nd6 33.R5e3 Qxc3 34.Rxc3 Bf5 
35.Re7 b5 36.axb5 axb5 37.c7 Rfe8 38.Rxe8+ Nxe8 39.Rc6 Rxc7 40.Rxh6+ Kg7 
41.Rb6 Rc1+ 1/2-1/2

[Event "12th Capablanca Memorial"]
[Site "Cienfuegos CUB"]
[Date "1975.03.23"]
[Round "15"]
[White "Ermenkov, Evgeny"]
[Black "Balashov, Yury"]
[Result "1/2-1/2"]
[WhiteElo "2450"]
[BlackElo "2540"]
[EventDate "1975.03.05"]
[WhiteFideId "-1"]
[BlackFideId "-1"]
[PlyCount "33"]
[Beauty "6597338202117"]
[GameId "272191863087"]
[EventType "tourn"]
[EventRounds "17"]
[EventCountry "CUB"]
[EventCategory "8"]
[SourceTitle "EXT 1998"]
[Source "ChessBase"]
[SourceDate "1997.11.17"]
[SourceVersion "1"]
[SourceVersionDate "1997.11.17"]
[SourceQuality "1"]

1.e4 c5 2.Nf3 d6 3.Nc3 a6 4.g3 Nc6 5.Bg2 Bg4 6.h3 Bxf3 7.Bxf3 g6 8.Bg2 Bg7
9.O-O Nf6 10.d3 O-O 11.Bg5 Rc8 12.Qd2 b5 13.Rae1 b4 14.Nd5 e6 15.Bxf6 Bxf6
16.Nxf6+ Qxf6 17.c3 1/2-1/2

[Event "12th Capablanca Memorial"]
[Site "Cienfuegos CUB"]
[Date "1975.03.23"]
[Round "15"]
[White "Forintos, Gyozo"]
[Black "Vogt, Lothar"]
[Result "1/2-1/2"]
[WhiteElo "2490"]
[BlackElo "2450"]
[EventDate "1975.03.05"]
[WhiteFideId "-1"]
[BlackFideId "-1"]
[PlyCount "30"]
[Beauty "6597338202117"]
[GameId "272191863088"]
[EventType "tourn"]
[EventRounds "17"]
[EventCountry "CUB"]
[EventCategory "8"]
[SourceTitle "EXT 1998"]
[Source "ChessBase"]
[SourceDate "1997.11.17"]
[SourceVersion "1"]
[SourceVersionDate "1997.11.17"]
[SourceQuality "1"]

1.d4 Nf6 2.c4 d6 3.Nc3 Nbd7 4.e4 e5 5.Nge2 g6 6.d5 c5 7.Ng3 h5 8.h4 Be7 9.
Bg5 Nf8 10.Nge2 a6 11.Nc1 Ng4 12.Bxe7 Qxe7 13.Qd2 f5 14.g3 Nh7 15.Bg2 O-O 
1/2-1/2

[Event "12th Capablanca Memorial"]
[Site "Cienfuegos CUB"]
[Date "1975.03.23"]
[Round "15"]
[White "Garcia Gonzales, Guillermo"]
[Black "Diaz Diaz, Joaquin"]
[Result "1/2-1/2"]
[WhiteElo "2485"]
[BlackElo "2335"]
[EventDate "1975.03.05"]
[WhiteFideId "-1"]
[BlackFideId "-1"]
[PlyCount "26"]
[Beauty "6597069766660"]
[GameId "272191863089"]
[EventType "tourn"]
[EventRounds "17"]
[EventCountry "CUB"]
[EventCategory "8"]
[SourceTitle "EXT 1998"]
[Source "ChessBase"]
[SourceDate "1997.11.17"]
[SourceVersion "1"]
[SourceVersionDate "1997.11.17"]
[SourceQuality "1"]

1.d4 Nf6 2.c4 e6 3.g3 d5 4.Nf3 Be7 5.Bg2 O-O 6.O-O c6 7.b3 Nbd7 8.Ba3 Bxa3
9.Nxa3 Qe7 10.Nc2 b6 11.Rc1 Bb7 12.Ne3 Rac8 13.cxd5 cxd5 1/2-1/2

[Event "12th Capablanca Memorial"]
[Site "Cienfuegos CUB"]
[Date "1975.03.23"]
[Round "15"]
[White "Garcia Martinez, Silvino"]
[Black "Estevez Morales, Guillermo"]
[Result "1/2-1/2"]
[WhiteElo "2445"]
[BlackElo "2330"]
[EventDate "1975.03.05"]
[WhiteFideId "-1"]
[BlackFideId "-1"]
[PlyCount "23"]
[Beauty "6597069766661"]
[GameId "272191863090"]
[EventType "tourn"]
[EventRounds "17"]
[EventCountry "CUB"]
[EventCategory "8"]
[SourceTitle "EXT 1998"]
[Source "ChessBase"]
[SourceDate "1997.11.17"]
[SourceVersion "1"]
[SourceVersionDate "1997.11.17"]
[SourceQuality "1"]

1.d4 Nf6 2.c4 e6 3.Nf3 Bb4+ 4.Bd2 Qe7 5.Qc2 Bxd2+ 6.Nbxd2 O-O 7.e3 d6 8.
Be2 e5 9.O-O Bg4 10.dxe5 dxe5 11.h3 Bh5 12.Rfe1 1/2-1/2

[Event "12th Capablanca Memorial"]
[Site "Cienfuegos CUB"]
[Date "1975.03.23"]
[Round "15"]
[White "Hernandez, Jose de Jesus"]
[Black "Triana, Justo"]
[Result "1/2-1/2"]
[WhiteElo "2310"]
[BlackElo "2310"]
[EventDate "1975.03.05"]
[WhiteFideId "-1"]
[BlackFideId "-1"]
[PlyCount "31"]
[Beauty "6597338202117"]
[GameId "272191863091"]
[EventType "tourn"]
[EventRounds "17"]
[EventCountry "CUB"]
[EventCategory "8"]
[SourceTitle "EXT 1998"]
[Source "ChessBase"]
[SourceDate "1997.11.17"]
[SourceVersion "1"]
[SourceVersionDate "1997.11.17"]
[SourceQuality "1"]

1.Nf3 Nf6 2.g3 d5 3.b3 Bg4 4.Bb2 e6 5.Bg2 Be7 6.Ne5 Bh5 7.c4 c6 8.O-O O-O 
9.d4 Nfd7 10.Nxd7 Nxd7 11.Nc3 f5 12.cxd5 exd5 13.Qd2 Nf6 14.f3 Bg6 15.e3 
a5 16.Rae1 1/2-1/2

[Event "12th Capablanca Memorial"]
[Site "Cienfuegos CUB"]
[Date "1975.03.23"]
[Round "15"]
[White "Pesantes Carbajal, Carlos"]
[Black "Jansa, Vlastimil"]
[Result "0-1"]
[WhiteElo "2330"]
[BlackElo "2540"]
[EventDate "1975.03.05"]
[WhiteFideId "-1"]
[BlackFideId "-1"]
[PlyCount "56"]
[Beauty "8247276735505"]
[GameId "272191863092"]
[EventType "tourn"]
[EventRounds "17"]
[EventCountry "CUB"]
[EventCategory "8"]
[SourceTitle "EXT 1998"]
[Source "ChessBase"]
[SourceDate "1997.11.17"]
[SourceVersion "1"]
[SourceVersionDate "1997.11.17"]
[SourceQuality "1"]

1.d4 Nf6 2.c4 g6 3.Nc3 d5 4.cxd5 Nxd5 5.e4 Nxc3 6.bxc3 Bg7 7.Bc4 b6 8.Ne2 
O-O 9.O-O Qd7 10.Be3 Bb7 11.f3 Nc6 12.a3 Na5 13.Bd3 c5 14.d5 e6 15.c4 Bxa1
16.Qxa1 f6 17.Bh6 Rf7 18.Qc3 Re8 19.h4 Ba6 20.f4 exd5 21.cxd5 Bxd3 22.Qxd3
Qg4 23.e5 fxe5 24.Nc3 exf4 25.Qb5 Re5 26.Rf3 Qxh4 27.Rh3 Re1+ 28.Kh2 Qf2 
0-1

[Event "12th Capablanca Memorial"]
[Site "Cienfuegos CUB"]
[Date "1975.03.23"]
[Round "15"]
[White "Razuvaev, Yury"]
[Black "Sigurjonsson, Gudmundur"]
[Result "1-0"]
[WhiteElo "2510"]
[BlackElo "2475"]
[EventDate "1975.03.05"]
[WhiteFideId "-1"]
[BlackFideId "-1"]
[PlyCount "81"]
[Beauty "7629069877257"]
[GameId "272191862985"]
[EventType "tourn"]
[EventRounds "17"]
[EventCountry "CUB"]
[EventCategory "8"]
[SourceTitle "EXT 1998"]
[Source "ChessBase"]
[SourceDate "1997.11.17"]
[SourceVersion "1"]
[SourceVersionDate "1997.11.17"]
[SourceQuality "1"]

1.e4 c5 2.Nf3 d6 3.Nc3 a6 4.d4 cxd4 5.Nxd4 Nf6 6.Be3 e5 7.Nf3 Qc7 8.Bg5 
Nbd7 9.a4 h6 10.Bh4 b6 11.Nd2 Bb7 12.Bc4 Be7 13.Qe2 O-O 14.O-O Rfc8 15.
Rfd1 Qc5 16.Bb3 Rab8 17.Nc4 b5 18.axb5 axb5 19.Ne3 b4 20.Bxf6 Nxf6 21.Ncd5
Nxd5 22.Nxd5 Bg5 23.g3 Ra8 24.h4 Bd8 25.Qf3 Bxd5 26.Rxa8 Rxa8 27.Rxd5 Qc7 
28.Kg2 Rb8 29.h5 Bg5 30.Qd3 Rb6 31.Ra5 Rb8 32.Ra6 Be7 33.Qd5 Bf8 34.Ra4 
Qd7 35.Ra5 Qb7 36.Qxb7 Rxb7 37.Bd5 Rc7 38.Rb5 Rxc2 39.Rxb4 Rc7 40.Rb8 Ra7 
41.b4 1-0

[Event "12th Capablanca Memorial"]
[Site "Cienfuegos CUB"]
[Date "1975.03.24"]
[Round "16"]
[White "Diaz Diaz, Joaquin"]
[Black "Balashov, Yury"]
[Result "0-1"]
[WhiteElo "2335"]
[BlackElo "2540"]
[EventDate "1975.03.05"]
[WhiteFideId "-1"]
[BlackFideId "-1"]
[PlyCount "66"]
[Beauty "8182340269632"]
[GameId "272191862964"]
[EventType "tourn"]
[EventRounds "17"]
[EventCountry "CUB"]
[EventCategory "8"]
[SourceTitle "EXT 1998"]
[Source "ChessBase"]
[SourceDate "1997.11.17"]
[SourceVersion "1"]
[SourceVersionDate "1997.11.17"]
[SourceQuality "1"]

1.e4 c5 2.Nf3 Nc6 3.d4 cxd4 4.Nxd4 e6 5.Nc3 d6 6.Be2 Nf6 7.O-O Be7 8.Kh1 
O-O 9.Be3 Bd7 10.f4 a6 11.a4 Qc7 12.Qe1 Na5 13.Rd1 Nc4 14.Bc1 Rac8 15.Bf3 
g6 16.g4 Ne8 17.f5 Qd8 18.b3 Ne5 19.Qe3 h6 20.Be2 Bg5 21.Qg3 Nf6 22.fxe6 
fxe6 23.Ba3 Rxc3 24.Qxc3 Nxe4 25.Qe1 Be3 26.Bf3 Nxf3 27.Qxe3 Nxd4 28.Qxd4 
Bc6 29.Kg1 Ng5 30.Rd3 Bf3 31.h4 Nh3+ 32.Kh2 Qxh4 33.Qxd6 Nf4+ 0-1

[Event "12th Capablanca Memorial"]
[Site "Cienfuegos CUB"]
[Date "1975.03.24"]
[Round "16"]
[White "Estevez Morales, Guillermo"]
[Black "Hernandez, Jose de Jesus"]
[Result "1/2-1/2"]
[WhiteElo "2330"]
[BlackElo "2310"]
[EventDate "1975.03.05"]
[WhiteFideId "-1"]
[BlackFideId "-1"]
[PlyCount "42"]
[Beauty "6598009290759"]
[GameId "272191863094"]
[EventType "tourn"]
[EventRounds "17"]
[EventCountry "CUB"]
[EventCategory "8"]
[SourceTitle "EXT 1998"]
[Source "ChessBase"]
[SourceDate "1997.11.17"]
[SourceVersion "1"]
[SourceVersionDate "1997.11.17"]
[SourceQuality "1"]

1.d4 Nf6 2.c4 e6 3.Nf3 b6 4.g3 Bb7 5.Bg2 Be7 6.Nc3 Ne4 7.Bd2 d5 8.cxd5 
exd5 9.O-O O-O 10.Ne5 Nxc3 11.Bxc3 Nd7 12.Qa4 Nxe5 13.dxe5 Qc8 14.Rfd1 Rd8
15.Rac1 c5 16.e4 Bc6 17.Qc2 Qb7 18.exd5 Bxd5 19.Rxd5 Rxd5 20.Bxd5 Qxd5 21.
Rd1 Qxa2 1/2-1/2

[Event "12th Capablanca Memorial"]
[Site "Cienfuegos CUB"]
[Date "1975.03.24"]
[Round "16"]
[White "Garcia Gonzales, Guillermo"]
[Black "Garcia Martinez, Silvino"]
[Result "1/2-1/2"]
[WhiteElo "2485"]
[BlackElo "2445"]
[EventDate "1975.03.05"]
[WhiteFideId "-1"]
[BlackFideId "-1"]
[PlyCount "26"]
[Beauty "6597069766658"]
[GameId "272191863095"]
[EventType "tourn"]
[EventRounds "17"]
[EventCountry "CUB"]
[EventCategory "8"]
[SourceTitle "EXT 1998"]
[Source "ChessBase"]
[SourceDate "1997.11.17"]
[SourceVersion "1"]
[SourceVersionDate "1997.11.17"]
[SourceQuality "1"]

1.d4 Nf6 2.Nf3 e6 3.c4 b6 4.g3 Bb7 5.Bg2 Be7 6.O-O O-O 7.Nc3 Ne4 8.Nxe4 
Bxe4 9.Ne1 Bxg2 10.Nxg2 d5 11.cxd5 exd5 12.Bf4 Bd6 13.Bxd6 Qxd6 1/2-1/2

[Event "12th Capablanca Memorial"]
[Site "Cienfuegos CUB"]
[Date "1975.03.24"]
[Round "16"]
[White "Jansa, Vlastimil"]
[Black "Sydor, Andrzej"]
[Result "0-1"]
[WhiteElo "2540"]
[BlackElo "2395"]
[EventDate "1975.03.05"]
[WhiteFideId "-1"]
[BlackFideId "-1"]
[PlyCount "100"]
[Beauty "7011823517705"]
[GameId "272191863096"]
[EventType "tourn"]
[EventRounds "17"]
[EventCountry "CUB"]
[EventCategory "8"]
[SourceTitle "EXT 1998"]
[Source "ChessBase"]
[SourceDate "1997.11.17"]
[SourceVersion "1"]
[SourceVersionDate "1997.11.17"]
[SourceQuality "1"]

1.Nf3 d5 2.c4 d4 3.g3 Nc6 4.Bg2 e5 5.d3 Nf6 6.O-O Bd6 7.Na3 O-O 8.Nc2 Re8 
9.a3 a5 10.Bd2 a4 11.Nb4 Bd7 12.e3 Na5 13.exd4 exd4 14.Bg5 Nb3 15.Rb1 h6 
16.Bxf6 Qxf6 17.Nd2 Nxd2 18.Qxd2 c6 19.Rfe1 Rxe1+ 20.Rxe1 Re8 21.Rxe8+ 
Bxe8 22.Nc2 b6 23.Qe2 Qe5 24.Qg4 c5 25.Qc8 Qe6 26.Qd8 Bf8 27.Bd5 Qe2 28.
Kg2 b5 29.Be4 f5 30.Bf3 Qe7 31.Qd5+ Bf7 32.Qxf5 bxc4 33.dxc4 Bxc4 34.Be4 
Qf6 35.Bd5+ Bxd5+ 36.Qxd5+ Qf7 37.Qxf7+ Kxf7 38.Kf3 Ke6 39.Ke4 Be7 40.Ne1 
Bf6 41.Nd3 Kd6 42.f4 Kc6 43.g4 c4 44.Nf2 Kc5 45.Nd1 Bh4 46.Kf5 Kd5 47.g5 
hxg5 48.fxg5 Be1 49.Kg6 Bd2 50.Kxg7 Bxg5 0-1

[Event "12th Capablanca Memorial"]
[Site "Cienfuegos CUB"]
[Date "1975.03.24"]
[Round "16"]
[White "Lebredo Zarragoitia, Gerardo"]
[Black "Ermenkov, Evgeny"]
[Result "1-0"]
[WhiteElo "2335"]
[BlackElo "2450"]
[EventDate "1975.03.05"]
[WhiteFideId "-1"]
[BlackFideId "-1"]
[PlyCount "107"]
[Beauty "6735179808775"]
[GameId "272191863097"]
[EventType "tourn"]
[EventRounds "17"]
[EventCountry "CUB"]
[EventCategory "8"]
[SourceTitle "EXT 1998"]
[Source "ChessBase"]
[SourceDate "1997.11.17"]
[SourceVersion "1"]
[SourceVersionDate "1997.11.17"]
[SourceQuality "1"]

1.Nf3 g6 2.e4 Bg7 3.d4 d6 4.Be2 Nd7 5.Nc3 e5 6.dxe5 dxe5 7.b3 c6 8.a4 f6 
9.Ba3 Bf8 10.Bxf8 Nxf8 11.Qxd8+ Kxd8 12.a5 Be6 13.O-O Nh6 14.Na4 Nd7 15.
Nd2 Nf7 16.Bc4 Bxc4 17.Nxc4 Kc7 18.Rfd1 Rhd8 19.Rd3 b5 20.axb6+ Nxb6 21.
Rxd8 Rxd8 22.Nab2 Kb8 23.Kf1 Ng5 24.f3 Ne6 25.Na5 Kc7 26.Nac4 Nc8 27.Na4 
h5 28.Nc3 Nd4 29.Ra2 Kb8 30.Ne2 Nb5 31.Ke1 Kc7 32.c3 Nb6 33.Ne3 Rd3 34.Nd1
c5 35.c4 Nd4 36.Nc1 Nxf3+ 37.gxf3 Rxf3 38.Rxa7+ Kc6 39.Ra2 Nd7 40.Rf2 Rh3 
41.Ke2 Kd6 42.Nd3 Ke6 43.Rg2 g5 44.N1f2 Rh4 45.h3 Nf8 46.Nxc5+ Kd6 47.b4 
Ng6 48.Ncd3 Nf4+ 49.Nxf4 exf4 50.Kf3 Ke5 51.b5 Kd6 52.Rg1 Kc5 53.Rb1 Kb6 
54.Rb2 1-0

[Event "12th Capablanca Memorial"]
[Site "Cienfuegos CUB"]
[Date "1975.03.24"]
[Round "16"]
[White "Sigurjonsson, Gudmundur"]
[Black "Forintos, Gyozo"]
[Result "1-0"]
[WhiteElo "2475"]
[BlackElo "2490"]
[EventDate "1975.03.05"]
[WhiteFideId "-1"]
[BlackFideId "-1"]
[PlyCount "45"]
[Beauty "8247947821086"]
[GameId "272191862987"]
[EventType "tourn"]
[EventRounds "17"]
[EventCountry "CUB"]
[EventCategory "8"]
[SourceTitle "EXT 1998"]
[Source "ChessBase"]
[SourceDate "1997.11.17"]
[SourceVersion "1"]
[SourceVersionDate "1997.11.17"]
[SourceQuality "1"]

1.e4 g6 2.d4 Bg7 3.Nc3 d6 4.f4 c6 5.Be3 Qb6 6.Rb1 e5 7.Nf3 Nd7 8.Qd2 Qc7 
9.Bc4 Ngf6 10.dxe5 dxe5 11.fxe5 Nxe5 12.Nxe5 Qxe5 13.Bf4 Qc5 14.Bb3 Ng4 
15.Rd1 O-O 16.Bd6 Qh5 17.Bxf8 Bxf8 18.Qd8 Kg7 19.Rf1 Be6 20.Qxa8 Qxh2 21.
Rd3 Bc5 22.Bxe6 fxe6 23.Qxb7+ 1-0

[Event "12th Capablanca Memorial"]
[Site "Cienfuegos CUB"]
[Date "1975.03.24"]
[Round "16"]
[White "Vasiukov, Evgeny"]
[Black "Pesantes Carbajal, Carlos"]
[Result "1-0"]
[WhiteElo "2560"]
[BlackElo "2330"]
[EventDate "1975.03.05"]
[WhiteFideId "-1"]
[BlackFideId "-1"]
[PlyCount "63"]
[Beauty "8250363754504"]
[GameId "272191862997"]
[EventType "tourn"]
[EventRounds "17"]
[EventCountry "CUB"]
[EventCategory "8"]
[SourceTitle "EXT 1998"]
[Source "ChessBase"]
[SourceDate "1997.11.17"]
[SourceVersion "1"]
[SourceVersionDate "1997.11.17"]
[SourceQuality "1"]

1.e4 e5 2.Nf3 Nc6 3.Bb5 a6 4.Ba4 Nf6 5.O-O b5 6.Bb3 Be7 7.d4 d6 8.c3 Bg4 
9.Be3 Na5 10.dxe5 Bxf3 11.Qxf3 dxe5 12.Qg3 Nxb3 13.axb3 O-O 14.Qxe5 Bd6 
15.Qf5 Re8 16.Nd2 Re5 17.Qf3 Qe8 18.Rfe1 Nxe4 19.Nxe4 Rxe4 20.Bd2 Rxe1+ 
21.Rxe1 Qd8 22.Bg5 Qc8 23.Qc6 f6 24.Bh4 Kf8 25.f3 Qd8 26.Bf2 Kf7 27.g3 g6 
28.f4 h5 29.Bd4 b4 30.c4 Be7 31.Rxe7+ Qxe7 32.Qxa8 1-0

[Event "12th Capablanca Memorial"]
[Site "Cienfuegos CUB"]
[Date "1975.03.24"]
[Round "16"]
[White "Vogt, Lothar"]
[Black "Andersson, Ulf"]
[Result "0-1"]
[WhiteElo "2450"]
[BlackElo "2565"]
[EventDate "1975.03.05"]
[WhiteFideId "-1"]
[BlackFideId "-1"]
[PlyCount "92"]
[Beauty "7217558323207"]
[GameId "272191863000"]
[EventType "tourn"]
[EventRounds "17"]
[EventCountry "CUB"]
[EventCategory "8"]
[SourceTitle "EXT 1998"]
[Source "ChessBase"]
[SourceDate "1997.11.17"]
[SourceVersion "1"]
[SourceVersionDate "1997.11.17"]
[SourceQuality "1"]

1.e4 c5 2.Nf3 d6 3.d4 cxd4 4.Nxd4 Nf6 5.Nc3 e6 6.Be2 a6 7.f4 Qc7 8.O-O Be7
9.Kh1 Nc6 10.Be3 Nxd4 11.Qxd4 O-O 12.Rad1 b5 13.e5 dxe5 14.Qxe5 Qb8 15.
Qxb8 Rxb8 16.Ba7 Ra8 17.Bb6 Bb7 18.a3 Rfc8 19.Ba5 g6 20.h3 h5 21.Bf3 Bxf3 
22.Rxf3 h4 23.Rd2 Rc4 24.b3 Rc6 25.a4 b4 26.Ne2 Rac8 27.c4 bxc3 28.Rxc3 
Nd5 29.Rxc6 Rxc6 30.Rb2 Bf6 31.Ra2 Rc8 32.Bd2 Rb8 33.Nc1 Nb4 34.Bxb4 Rxb4 
35.Rf2 Be7 36.Rf3 Bd6 37.Ne2 Re4 38.Rd3 Bc5 39.Rc3 Bf2 40.Rc2 Kg7 41.Ng1 
Rxf4 42.Nf3 Bg3 43.Kg1 Re4 44.Kf1 Re3 45.Rb2 e5 46.Rb1 e4 0-1

[Event "12th Capablanca Memorial"]
[Site "Cienfuegos CUB"]
[Date "1975.03.27"]
[Round "17"]
[White "Andersson, Ulf"]
[Black "Sigurjonsson, Gudmundur"]
[Result "1/2-1/2"]
[WhiteElo "2565"]
[BlackElo "2475"]
[EventDate "1975.03.05"]
[WhiteFideId "-1"]
[BlackFideId "-1"]
[PlyCount "26"]
[Beauty "6597069766657"]
[GameId "272191863099"]
[EventType "tourn"]
[EventRounds "17"]
[EventCountry "CUB"]
[EventCategory "8"]
[SourceTitle "EXT 1998"]
[Source "ChessBase"]
[SourceDate "1997.11.17"]
[SourceVersion "1"]
[SourceVersionDate "1997.11.17"]
[SourceQuality "1"]

1.c4 c5 2.g3 Nc6 3.Bg2 g6 4.Nc3 Bg7 5.e3 e6 6.Nge2 Nge7 7.O-O O-O 8.d4 
cxd4 9.Nxd4 Nxd4 10.exd4 d5 11.cxd5 Nxd5 12.Nxd5 exd5 13.Qb3 Be6 1/2-1/2

[Event "12th Capablanca Memorial"]
[Site "Cienfuegos CUB"]
[Date "1975.03.27"]
[Round "17"]
[White "Balashov, Yury"]
[Black "Lebredo Zarragoitia, Gerardo"]
[Result "1-0"]
[WhiteElo "2540"]
[BlackElo "2335"]
[EventDate "1975.03.05"]
[WhiteFideId "-1"]
[BlackFideId "-1"]
[PlyCount "57"]
[Beauty "8248484694535"]
[GameId "272191862960"]
[EventType "tourn"]
[EventRounds "17"]
[EventCountry "CUB"]
[EventCategory "8"]
[SourceTitle "EXT 1998"]
[Source "ChessBase"]
[SourceDate "1997.11.17"]
[SourceVersion "1"]
[SourceVersionDate "1997.11.17"]
[SourceQuality "1"]

1.d4 Nf6 2.Nf3 e6 3.Bg5 c5 4.e3 Nc6 5.Nbd2 b6 6.c3 Bb7 7.Bd3 cxd4 8.exd4 
Be7 9.O-O O-O 10.Re1 Nd5 11.Bxe7 Ncxe7 12.Bf1 f5 13.c4 Nf6 14.b4 Ne4 15.
Qb3 Kh8 16.Rad1 Ng8 17.d5 exd5 18.cxd5 Ngf6 19.Nxe4 Nxe4 20.Bd3 Nd6 21.Ne5
Rc8 22.Qa4 Re8 23.Bf1 Kg8 24.Qb3 Re7 25.Nc6 dxc6 26.dxc6+ Kh8 27.cxb7 Rb8 
28.Rxe7 Qxe7 29.Qg3 1-0

[Event "12th Capablanca Memorial"]
[Site "Cienfuegos CUB"]
[Date "1975.03.27"]
[Round "17"]
[White "Ermenkov, Evgeny"]
[Black "Jansa, Vlastimil"]
[Result "1/2-1/2"]
[WhiteElo "2450"]
[BlackElo "2540"]
[EventDate "1975.03.05"]
[WhiteFideId "-1"]
[BlackFideId "-1"]
[PlyCount "114"]
[Beauty "5228048949798"]
[GameId "272191862968"]
[EventType "tourn"]
[EventRounds "17"]
[EventCountry "CUB"]
[EventCategory "8"]
[SourceTitle "EXT 1998"]
[Source "ChessBase"]
[SourceDate "1997.11.17"]
[SourceVersion "1"]
[SourceVersionDate "1997.11.17"]
[SourceQuality "1"]

1.e4 c5 2.Nf3 e6 3.d4 cxd4 4.Nxd4 Nf6 5.Nc3 d6 6.Be2 a6 7.f4 Qc7 8.O-O Be7
9.Kh1 Nc6 10.a4 O-O 11.Be3 Re8 12.Nb3 b6 13.Qe1 Nb4 14.Bd3 Bb7 15.Rc1 Nd7 
16.Qg3 Bf8 17.Nd1 Nc5 18.Nf2 Kh8 19.Bd2 Nbxd3 20.cxd3 Qd7 21.Nxc5 bxc5 22.
Bc3 f5 23.Rce1 Qxa4 24.Re3 Qd7 25.Qh4 Kg8 26.Rg3 Qf7 27.Nh3 fxe4 28.f5 
exf5 29.Ng5 Qg6 30.Nxe4 fxe4 31.Rxg6 hxg6 32.Qf2 Bd5 33.dxe4 Rxe4 34.Re1 
Rg4 35.Rg1 Re8 36.h3 Rge4 37.Re1 Rxe1+ 38.Bxe1 Bf7 39.b4 cxb4 40.Bxb4 d5 
41.Bxf8 Rxf8 42.Qb6 Ra8 43.Qb7 Rd8 44.Qc7 Re8 45.Kh2 Re6 46.Qd8+ Re8 47.
Qd7 Ra8 48.Qb7 Rd8 49.Qc7 Ra8 50.Qb7 Rd8 51.Qb6 Ra8 52.Qa5 Re8 53.Qxa6 Re4
54.Qb7 Re8 55.Qa7 Re4 56.Qa8+ Re8 57.Qa7 Re4 1/2-1/2

[Event "12th Capablanca Memorial"]
[Site "Cienfuegos CUB"]
[Date "1975.03.27"]
[Round "17"]
[White "Forintos, Gyozo"]
[Black "Triana, Justo"]
[Result "1-0"]
[WhiteElo "2490"]
[BlackElo "2310"]
[EventDate "1975.03.05"]
[WhiteFideId "-1"]
[BlackFideId "-1"]
[PlyCount "79"]
[Beauty "7701144797218"]
[GameId "272191863100"]
[EventType "tourn"]
[EventRounds "17"]
[EventCountry "CUB"]
[EventCategory "8"]
[SourceTitle "EXT 1998"]
[Source "ChessBase"]
[SourceDate "1997.11.17"]
[SourceVersion "1"]
[SourceVersionDate "1997.11.17"]
[SourceQuality "1"]

1.d4 d5 2.c4 e6 3.Nc3 c5 4.cxd5 exd5 5.Nf3 Nc6 6.g3 Nf6 7.Bg2 Be7 8.O-O 
cxd4 9.Nxd4 O-O 10.Be3 Re8 11.Rc1 h6 12.Na4 Bd7 13.Nb3 Ne5 14.Nac5 Bxc5 
15.Nxc5 Bc6 16.Bd4 Qe7 17.b3 Ned7 18.Nxd7 Nxd7 19.Rc2 a5 20.Qa1 f6 21.a4 
Nf8 22.Rd1 Ne6 23.Be3 Red8 24.Qc3 d4 25.Bxd4 Bxg2 26.Kxg2 Rac8 27.Qxc8 
Rxc8 28.Rxc8+ Kh7 29.Be3 Qb4 30.Rd3 Qg4 31.Rc2 Qf5 32.Bb6 h5 33.Rc4 g5 34.
e4 Qg4 35.f3 Nf4+ 36.Kg1 Nh3+ 37.Kg2 Nf4+ 38.Kg1 Nh3+ 39.Kf1 Qe6 40.Rc7+ 
1-0

[Event "12th Capablanca Memorial"]
[Site "Cienfuegos CUB"]
[Date "1975.03.27"]
[Round "17"]
[White "Garcia Martinez, Silvino"]
[Black "Diaz Diaz, Joaquin"]
[Result "1/2-1/2"]
[WhiteElo "2445"]
[BlackElo "2335"]
[EventDate "1975.03.05"]
[WhiteFideId "-1"]
[BlackFideId "-1"]
[PlyCount "28"]
[Beauty "6597069766658"]
[GameId "272191863101"]
[EventType "tourn"]
[EventRounds "17"]
[EventCountry "CUB"]
[EventCategory "8"]
[SourceTitle "EXT 1998"]
[Source "ChessBase"]
[SourceDate "1997.11.17"]
[SourceVersion "1"]
[SourceVersionDate "1997.11.17"]
[SourceQuality "1"]

1.e4 c5 2.Nf3 Nc6 3.d4 cxd4 4.Nxd4 g6 5.c4 Nf6 6.Nc3 Nxd4 7.Qxd4 d6 8.Be3 
Bg7 9.f3 O-O 10.Qd2 Be6 11.Rc1 Nd7 12.Bd4 Bxd4 13.Qxd4 Qb6 14.Qxb6 Nxb6 
1/2-1/2

[Event "12th Capablanca Memorial"]
[Site "Cienfuegos CUB"]
[Date "1975.03.27"]
[Round "17"]
[White "Hernandez, Jose de Jesus"]
[Black "Garcia Gonzales, Guillermo"]
[Result "1/2-1/2"]
[WhiteElo "2310"]
[BlackElo "2485"]
[EventDate "1975.03.05"]
[WhiteFideId "-1"]
[BlackFideId "-1"]
[PlyCount "22"]
[Beauty "6597069766658"]
[GameId "272191863102"]
[EventType "tourn"]
[EventRounds "17"]
[EventCountry "CUB"]
[EventCategory "8"]
[SourceTitle "EXT 1998"]
[Source "ChessBase"]
[SourceDate "1997.11.17"]
[SourceVersion "1"]
[SourceVersionDate "1997.11.17"]
[SourceQuality "1"]

1.d4 Nf6 2.c4 e6 3.Nf3 b6 4.g3 Bb7 5.Bg2 Be7 6.Nc3 Ne4 7.Nxe4 Bxe4 8.O-O 
O-O 9.Ne1 Bxg2 10.Nxg2 d5 11.cxd5 exd5 1/2-1/2